Normal view MARC view
  • Arolkar H

Entry Personal Name

Number of records used in: 1

001 - CONTROL NUMBER

  • control field: 192027

003 - CONTROL NUMBER IDENTIFIER

  • control field: OSt

005 - DATE AND TIME OF LATEST TRANSACTION

  • control field: 20230714213859.0

008 - FIXED-LENGTH DATA ELEMENTS

  • fixed length control field: 230714|| aca||aabn | a|a d

040 ## - CATALOGING SOURCE

  • Original cataloging agency: OSt
  • Transcribing agency: OSt

100 ## - HEADING--PERSONAL NAME

  • Personal name: Arolkar H

670 ## - SOURCE DATA FOUND

  • Source citation: Work cat.: (OSt)203530: Arolkar H., Simplifying C, 2010